Philosophical musings for a meaningful life: (Record no. 144225)

MARC details
000 -LEADER
fixed length control field 00584nam a22001817a 4500
005 - DATE AND TIME OF LATEST TRANSACTION
control field 20170918145238.0
010 ## - LCCN (DPL NO)
LC control number ENG-120372
020 ## - INTERNATIONAL STANDARD BOOK NUMBER
International Standard Book Number 9781615992669
Terms of availability 1299.00
035 ## - SYSTEM CONTROL NUMBER
System control number EN-103904
037 ## - SOURCE OF ACQUISITION
Source of stock number/acquisition DBAD/PUB
082 ## - DEWEY DECIMAL CLASSIFICATION NUMBER
Classification number 881.08
100 ## - MAIN ENTRY--PERSONAL NAME
Personal name Kumaran,S.
245 ## - TITLE STATEMENT
Title Philosophical musings for a meaningful life:
Statement of responsibility, etc edited by S.Kumaran /
260 ## - PUBLICATION, DISTRIBUTION, ETC. (IMPRINT)
Place of publication, distribution, etc Ann Arbor
Name of publisher, distributor, etc Modern history press,an imprint of loving healing press
Date of publication, distribution, etc 2016
270 ## - ADDRESS
Address 5145 Pontiac trail
City Ann Arbor
Postal code MI-48105
300 ## - PHYSICAL DESCRIPTION
Extent xvi,219p.:
Dimensions 26cm(pbk)
Other physical details ill
942 ## - ADDED ENTRY ELEMENTS (KOHA)
Source of classification or shelving scheme Dewey Decimal Classification
Item type English Books
Classification part 881.08
Call number suffix PHI
Holdings
Withdrawn status Lost status Not for loan Collection code Home library Current library Date acquired Source of acquisition Cost, normal purchase price Full call number Barcode Copy number Cost, replacement price Koha item type
      Non-fiction Sarojini Nagar Sarojini Nagar 08/09/2017 DBAD/PUB 1299.00 881.08 KUM EN-103904 1 1299.00 English Books

© Delhi Public Library
Hit Counter
free hit counter